000
00331nam a2200133Ia 4500
008
240624s9999 xx 000 0 und d
041
_a
eng
082
_a
332.1068 COL
100
_a
COLEMAN THOMAS S
245
_a
QUANTITATIVE RISK MANAGEMENT A PRACTICAL
260
_c
2012
_a
New York
_b
Wiley
300
_a
558 : p.
365
_c
_b
28
999
_c
21204
_d
21204